[Event "IECG TE.2001.P.00706 email"]
[Site "IECG email"]
[Date "2001.05.20"]
[Round "?"]
[White "Corpuz, Arnel"]
[Black "Santosh, Matthew Paul"]
[Result "0-1"]
[WhiteElo "800"]
[BlackElo "2118"]
[PlyCount "30"]
[EventDate "2001.05.20"]
[EventType "tourn (corr)"]
[EventRounds "8"]
[SourceTitle "Corr 2024"]
[Source "ChessBase"]
[SourceDate "2023.10.19"]
[SourceVersion "1"]
[SourceVersionDate "2023.10.19"]
[SourceQuality "1"]

1. e4 e5 2. f4 exf4 3. Nf3 g5 4. Bc4 g4 5. 0-0 gxf3 6. Qxf3 Qf6 7. d3 Bh6 8. Nc3 Ne7 9. Nb5 Kd8 10. Bxf4 Bxf4 11. Qxf4 Qxf4 12. Rxf4 f5 13. Raf1 d6 14. exf5 Rf8 15. Rh4 Rxf5 0-1